000
00310nam a2200133Ia 4500
100
_a
Spencer/ D.D
942
_c
BK
654
_a
Digital Computers
245
_a
Fundamentals Of Digital Computers
260
_b
Howard W. Sams & Co.
_a
U.S.A
_c
1978
082
_a
621.3819582
300
_a
320
546
_a
ENGLISH
999
_c
34863
_d
34863